<?xml version="1.0" encoding="UTF-8"?><?xml-stylesheet type="text/xsl" href="static/style.xsl"?><OAI-PMH xmlns="http://www.openarchives.org/OAI/2.0/" xmlns:xsi="http://www.w3.org/2001/XMLSchema-instance" xsi:schemaLocation="http://www.openarchives.org/OAI/2.0/ http://www.openarchives.org/OAI/2.0/OAI-PMH.xsd"><responseDate>2026-04-19T11:45:32Z</responseDate><request verb="GetRecord" identifier="oai:www.recercat.cat:20.500.12327/4643" metadataPrefix="marc">https://recercat.cat/oai/request</request><GetRecord><record><header><identifier>oai:recercat.cat:20.500.12327/4643</identifier><datestamp>2025-10-22T11:07:00Z</datestamp><setSpec>com_2072_4428</setSpec><setSpec>com_2072_4427</setSpec><setSpec>col_2072_487898</setSpec></header><metadata><record xmlns="http://www.loc.gov/MARC21/slim" xmlns:dcterms="http://purl.org/dc/terms/" xmlns:xsi="http://www.w3.org/2001/XMLSchema-instance" xmlns:doc="http://www.lyncode.com/xoai" xsi:schemaLocation="http://www.loc.gov/MARC21/slim http://www.loc.gov/standards/marcxml/schema/MARC21slim.xsd">
   <leader>00925njm 22002777a 4500</leader>
   <datafield ind2=" " ind1=" " tag="042">
      <subfield code="a">dc</subfield>
   </datafield>
   <datafield ind2=" " ind1=" " tag="720">
      <subfield code="a">Cerrud-Barria, Giancarlo</subfield>
      <subfield code="e">author</subfield>
   </datafield>
   <datafield ind2=" " ind1=" " tag="720">
      <subfield code="a">Estévez, Alicia</subfield>
      <subfield code="e">author</subfield>
   </datafield>
   <datafield ind2=" " ind1=" " tag="720">
      <subfield code="a">Ramos-Júdez, Sandra</subfield>
      <subfield code="e">author</subfield>
   </datafield>
   <datafield ind2=" " ind1=" " tag="720">
      <subfield code="a">Giménez, Ignacio</subfield>
      <subfield code="e">author</subfield>
   </datafield>
   <datafield ind2=" " ind1=" " tag="720">
      <subfield code="a">Duncan, Neil</subfield>
      <subfield code="e">author</subfield>
   </datafield>
   <datafield ind2=" " ind1=" " tag="260">
      <subfield code="c">2025-06-28</subfield>
   </datafield>
   <datafield ind2=" " ind1=" " tag="520">
      <subfield code="a">The flathead grey mullet (Mugil cephalus) held in intensive captive condition does not sexually mature. The present study, aimed to apply recombinant gonadotropin (rGth) protocols to advance spawning by three months and demonstrate the protocols potential for juvenile production. Eight females and seven males were divided into an rGth group that was treated with species specific recombinant follicle stimulating hormone and recombinant luteinizing hormone and a control group treated with saline. The rGths-treated males completed spermiation and the females completed vitellogenesis and spawning in June–July, three months before the natural spawning period (September – October). Control females did not advance with oogenesis and control males did not advance to spermiation. Eggs were incubated, and hatched larvae were reared in three replicated densities (16, 32, and 51 larvae/L, 100 L tanks) and in grey and black 500 L tanks at 30 larvae/L. Final survival at 16 larvae/L was 14.13 ± 5.2 % at 42 days post- hatching (dph) and a correlation between survival and stocking density predicted 3 juveniles/L could be obtained at 42 dph with an initial density of 38 larvae/L. Larvae reared in black tanks had a superior growth rate (16.70 ± 0.05 mm) in comparison to the grey tanks (11.40 ± 2.80 mm) at 42 dph (P = 0.01). Together, these findings confirm the high efficacy (close to 100 %) of rGths induction protocols, that out-of-season spawning can be induced, and that rGth induced mullet spawning has good potential as a bases for juvenile production.</subfield>
   </datafield>
   <datafield ind1="8" ind2=" " tag="024">
      <subfield code="a">Cerrud, Giancarlo, Estévez Alicia, Sandra Ramos-Júdez, Ignacio Giménez, and Neil Duncan. 2025. “Recombinant Gonadotropin Induced Out-of-season Spawning and Larval Culture of Flathead Grey Mullet (Mugil Cephalus).” Aquaculture, 742908. https://doi.org/10.1016/j.aquaculture.2025.742908.</subfield>
   </datafield>
   <datafield ind1="8" ind2=" " tag="024">
      <subfield code="a">0044-8486</subfield>
   </datafield>
   <datafield ind1="8" ind2=" " tag="024">
      <subfield code="a">http://hdl.handle.net/20.500.12327/4643</subfield>
   </datafield>
   <datafield ind1="8" ind2=" " tag="024">
      <subfield code="a">https://doi.org/10.1016/j.aquaculture.2025.742908</subfield>
   </datafield>
   <datafield ind2="0" ind1="0" tag="245">
      <subfield code="a">Recombinant gonadotropin induced out-of-season spawning and larval culture of flathead grey mullet (Mugil cephalus)</subfield>
   </datafield>
</record></metadata></record></GetRecord></OAI-PMH>